000 005220000a22001810004500
003 MACL
005 20160422163603.0
008 160422b xxu||||| |||| 00| 0 eng d
040 _aMACL
_cMACL
041 _aHindi
082 _a800 JAI
100 _aजैनूक गुस्‍ताव
_953435
245 _aकाफका के संस्‍मरण
260 _bसंवाद प्रकाशन
_c2006
_aमेरठ
350 _a160
650 _aLiterature
_953437
942 _cHIN
_k800/JAI
_2ddc
999 _c41444
_d41444